00625nam a2200217Ia 4500008004100000020001500041050001300056050001400069245002100083245002600104245005900130260001900189260004400208260000900252300002300261300002100284300001100305650002300316700003800339700003000377160319s9999 xx 000 0 und d a9715424813 a499.2117 bS271 2005 aSawikaan 2004 :  bmga salita ng taon /  cGalileo S. Zafra, Romulo P. Baquiran, Jr., mga editor. aQuezon City :  bThe University of the Philippines Press c2005 axiii, 100 pages :  billustrations ;  c21 cm. aFilipino language. aBaquiran, Romulo P., Jr., editor. aZafra, Galileo S., editor